00447nam a2200181Ia 4500008004000000020001500040041000800055082001700063100002000080245004900100260004100149300001000190650001300200650001800213650001200231650001400243650000800257210210b2000 xxu||||| |||| 00| 0 eng d a8180522849 aeng a658.401 MOLM aMOLYNEUX (Phil) aMultinational corporate strategy and finance aNew DelhibAne Books Pvt. Ltd.c2000 av,293 astrategy aMultinational afinance acorporate aand